The Singer (Record no. 631)

MARC details
000 -LEADER
fixed length control field 00262nam a2200109 4500
008 - FIXED-LENGTH DATA ELEMENTS--GENERAL INFORMATION
fixed length control field 160623b xxu||||| |||| 00| 0 eng d
100 ## - MAIN ENTRY--PERSONAL NAME
9 (RLIN) 788
Personal name Miller, C
245 ## - TITLE STATEMENT
Title The Singer
260 ## - PUBLICATION, DISTRIBUTION, ETC. (IMPRINT)
Place of publication, distribution, etc. Ill
Name of publisher, distributor, etc. Intervarsity Press
Date of publication, distribution, etc. 1975
300 ## - PHYSICAL DESCRIPTION
Extent The Singer
942 ## - ADDED ENTRY ELEMENTS (KOHA)
Source of classification or shelving scheme Dewey Decimal Classification
Koha item type BOOK
Holdings
Withdrawn status Lost status Source of classification or shelving scheme Damaged status Not for loan Home library Current library Shelving location Date acquired Total Checkouts Full call number Barcode Date last seen Date last checked out Price effective from Koha item type
    Dewey Decimal Classification     Good Samaritan School Library Good Samaritan School Library   06/23/2016 1 821 MIL1425 04/11/2022 04/07/2022 06/23/2016 BOOK

Powered by Koha